| 000 | 01026pam a2200337 a 4500 | ||
|---|---|---|---|
| 001 | 6884 | ||
| 003 | FISKH | ||
| 005 | 20250813132212.0 | ||
| 008 | 930929s1994 ilua j 001 0 eng | ||
| 010 | _a 93038589 | ||
| 020 | _a0516060252 | ||
| 020 | _a9780516460253 | ||
| 040 |
_aDLC _cDLC _dDLC _beng |
||
| 050 | _aQB582.F69 | ||
| 082 | _a 523.3 | ||
| 100 | 1 | _aFowler, Allan. | |
| 245 | 1 | 0 |
_aWhen you look up at the moon / _cby Allan Fowler. |
| 260 |
_aChicago : _bChildrens Press, _c1994. |
||
| 300 |
_a31pages : _bcolor illustrations ; _c18 cm |
||
| 440 | 0 | _aRookie read-about science | |
| 500 | _aIncludes index. | ||
| 505 | _aJ | ||
| 520 | _aDescribes what the moon is like and highlights what astronauts have learned on their missions to the moon. | ||
| 521 | 8 |
_a460
_bLexile AD |
|
| 521 | 8 |
_aJ
_bRaz-Plus |
|
| 651 | 0 |
_aMoon _xExploration _xJuvenile literature. |
|
| 651 | 1 |
_aMoon _xExploration. |
|
| 906 |
_a7 _bcbc _corignew _d1 _eocip _f19 _gy-gencatlg |
||
| 942 |
_2ddc _cBK _n0 |
||
| 999 |
_c6884 _d6884 |
||